00632 2200205 4500001002100000005001700021008004100038035002400079082001100103090001900114245015000133250001100283260002800294300003100322650002200353850001500375980001500390985000600405999001500411YOGYA-0209000002383720090227023817.0 ind  0010-020900000023837 a336.24 a336.24bTinlR aTINDAK lanjut peraturan perpajakan tahun 1992bdilengkapi buku petunjuk pemotongan pajak penghasilan atas pembayaran gaji, upah, honorarium dll.. aCet. 1 aJakartabEko Jayac1992 aviii, 495 hlmbilusc21 cm aPajak penghasilan aYOPDYOG(B) a03-01-2007 a1 a06A0021696